Harare technical sessions papers, August 1995 (Record no. 93496)
[ view plain ]
| 000 -LEADER | |
|---|---|
| fixed length control field | 05848cam a2201381 4500 |
| 001 - CONTROL NUMBER | |
| control field | J3370 |
| 008 - FIXED-LENGTH DATA ELEMENTS--GENERAL INFORMATION | |
| fixed length control field | 090401t1995 xxu||||| |||| 00| 0 eng d |
| 035 ## - SYSTEM CONTROL NUMBER | |
| System control number | (Sirsi) u54716 |
| 041 ## - LANGUAGE CODE | |
| Language code of text/sound track or separate title | eng |
| 050 ## - LIBRARY OF CONGRESS CALL NUMBER | |
| Classification number | 333.72 |
| -- | 18 |
| 110 ## - MAIN ENTRY--CORPORATE NAME | |
| Corporate name or jurisdiction name as entry element | Commonwealth Association of Surveying and Land Economy |
| 9 (RLIN) | 2570 |
| 245 ## - TITLE STATEMENT | |
| Title | Harare technical sessions papers, August 1995 |
| Remainder of title | sustainable development |
| Statement of responsibility, etc. | counting the cost - maximising the value |
| 260 ## - PUBLICATION, DISTRIBUTION, ETC. | |
| Place of publication, distribution, etc. | [S.l.] |
| Name of publisher, distributor, etc. | CASLE |
| Date of publication, distribution, etc. | 1995 |
| 300 ## - PHYSICAL DESCRIPTION | |
| Extent | ca. 450p. |
| Dimensions | 30cm. |
| 350 ## - PRICE (NR) (BK AM CF MU VM SE) [OBSOLETE] | |
| Price | 0 |
| 505 ## - FORMATTED CONTENTS NOTE | |
| Formatted contents note | Cattle production in the communal areas of Zimbabwe: a case of property rights |
| 505 ## - FORMATTED CONTENTS NOTE | |
| Formatted contents note | Land management institutions and property market efficiency: the case of Accra, Ghana |
| 505 ## - FORMATTED CONTENTS NOTE | |
| Formatted contents note | Private sector involvement in supply and management of protected areas |
| 505 ## - FORMATTED CONTENTS NOTE | |
| Formatted contents note | Environmental improvement through environmental partnership |
| 505 ## - FORMATTED CONTENTS NOTE | |
| Formatted contents note | Extension of the construction period on building contracts: counting the cost |
| 505 ## - FORMATTED CONTENTS NOTE | |
| Formatted contents note | Low level registries |
| 505 ## - FORMATTED CONTENTS NOTE | |
| Formatted contents note | Sustainable development supported by land reform |
| 505 ## - FORMATTED CONTENTS NOTE | |
| Formatted contents note | Planning in protected areas: the New Zealand experience |
| 505 ## - FORMATTED CONTENTS NOTE | |
| Formatted contents note | Leisure land use: sustainable development |
| 505 ## - FORMATTED CONTENTS NOTE | |
| Formatted contents note | The scope and limits to sustainable development in Africa's built environment sector |
| 505 ## - FORMATTED CONTENTS NOTE | |
| Formatted contents note | The education and sustainability paradox |
| 505 ## - FORMATTED CONTENTS NOTE | |
| Formatted contents note | Enhancing education for sustainable development: educational change and methods of delivery |
| 505 ## - FORMATTED CONTENTS NOTE | |
| Formatted contents note | Examining the relationship between the national South African cadestre |
| 505 ## - FORMATTED CONTENTS NOTE | |
| Formatted contents note | Multiple rationality analysis: an approach to reconciling the competing interests associated with housing renewal schemes |
| 505 ## - FORMATTED CONTENTS NOTE | |
| Formatted contents note | Urban land management in Botswana, Lesotho and Swaziland |
| 505 ## - FORMATTED CONTENTS NOTE | |
| Formatted contents note | Adjudication: information, law, democracy |
| 505 ## - FORMATTED CONTENTS NOTE | |
| Formatted contents note | How to provide secure tenure to informal urban settlers |
| 505 ## - FORMATTED CONTENTS NOTE | |
| Formatted contents note | Land information system in Poland for land management |
| 505 ## - FORMATTED CONTENTS NOTE | |
| Formatted contents note | Innovation and quality in built environment education |
| 505 ## - FORMATTED CONTENTS NOTE | |
| Formatted contents note | Protecting property rights while reconstructing society |
| 505 ## - FORMATTED CONTENTS NOTE | |
| Formatted contents note | New Zealand's Resource Management Act, a blueprint for sustainable management |
| 505 ## - FORMATTED CONTENTS NOTE | |
| Formatted contents note | An examination of the role of property taxation in the urban development process |
| 505 ## - FORMATTED CONTENTS NOTE | |
| Formatted contents note | Land information management and sustainable development: a valuers perspective |
| 505 ## - FORMATTED CONTENTS NOTE | |
| Formatted contents note | Sustainable land management and the chartered surveyor: business versus the environment? |
| 505 ## - FORMATTED CONTENTS NOTE | |
| Formatted contents note | Contract documentation for building work in South Africa: its sustainability and adaptability for use in Africa |
| 505 ## - FORMATTED CONTENTS NOTE | |
| Formatted contents note | Sustainable tourism development in Zanzibar |
| 505 ## - FORMATTED CONTENTS NOTE | |
| Formatted contents note | Developing a framework for a social audit in organisations in the civil engineering and construction industries |
| 505 ## - FORMATTED CONTENTS NOTE | |
| Formatted contents note | Cost effective promotional strategies for small firms in developing countries |
| 505 ## - FORMATTED CONTENTS NOTE | |
| Formatted contents note | Industrial and business park development and its prospects in Malaysia |
| 505 ## - FORMATTED CONTENTS NOTE | |
| Formatted contents note | The residential land development process in South Africa |
| 505 ## - FORMATTED CONTENTS NOTE | |
| Formatted contents note | Sustainable development: the total systems intervention approach |
| 505 ## - FORMATTED CONTENTS NOTE | |
| Formatted contents note | Considerations on sustainable urban management: the case of Dar-es-Salaam |
| 505 ## - FORMATTED CONTENTS NOTE | |
| Formatted contents note | Land management development in Zanzibar |
| 505 ## - FORMATTED CONTENTS NOTE | |
| Formatted contents note | Privatised infrastructure: the build/operate/transfer approach |
| 505 ## - FORMATTED CONTENTS NOTE | |
| Formatted contents note | Maintenance management in rural areas in rural areas in developing countries |
| 505 ## - FORMATTED CONTENTS NOTE | |
| Formatted contents note | Facilities management for optimum resource use in the management of buildings |
| 505 ## - FORMATTED CONTENTS NOTE | |
| Formatted contents note | Life cycle cost management as a support system for total quality management |
| 505 ## - FORMATTED CONTENTS NOTE | |
| Formatted contents note | Sustainablity of land reigstration in an African context |
| 505 ## - FORMATTED CONTENTS NOTE | |
| Formatted contents note | The future of the surveying profession in southern Africa |
| 505 ## - FORMATTED CONTENTS NOTE | |
| Formatted contents note | Property education in the changing South Africa |
| 650 ## - SUBJECT ADDED ENTRY--TOPICAL TERM | |
| Topical term or geographic name entry element | AFRICA |
| 650 ## - SUBJECT ADDED ENTRY--TOPICAL TERM | |
| Topical term or geographic name entry element | GHANA |
| 650 ## - SUBJECT ADDED ENTRY--TOPICAL TERM | |
| Topical term or geographic name entry element | ZIMBABWE |
| 650 ## - SUBJECT ADDED ENTRY--TOPICAL TERM | |
| Topical term or geographic name entry element | ZANZIBAR |
| 650 ## - SUBJECT ADDED ENTRY--TOPICAL TERM | |
| Topical term or geographic name entry element | NEW ZEALAND |
| 650 ## - SUBJECT ADDED ENTRY--TOPICAL TERM | |
| Topical term or geographic name entry element | MALAYSIA |
| 650 ## - SUBJECT ADDED ENTRY--TOPICAL TERM | |
| Topical term or geographic name entry element | DAR-ES-SALAAM |
| 650 ## - SUBJECT ADDED ENTRY--TOPICAL TERM | |
| Topical term or geographic name entry element | REPUBLIC OF SOUTH AFRICA |
| 650 ## - SUBJECT ADDED ENTRY--TOPICAL TERM | |
| Topical term or geographic name entry element | LESOTHO |
| 650 ## - SUBJECT ADDED ENTRY--TOPICAL TERM | |
| Topical term or geographic name entry element | BOTSWANA |
| 650 ## - SUBJECT ADDED ENTRY--TOPICAL TERM | |
| Topical term or geographic name entry element | SWAZILAND |
| 690 ## - LOCAL SUBJECT ADDED ENTRY--TOPICAL TERM (OCLC, RLIN) | |
| Topical term or geographic name as entry element | BUILT ENVIRONMENT |
| 690 ## - LOCAL SUBJECT ADDED ENTRY--TOPICAL TERM (OCLC, RLIN) | |
| Topical term or geographic name as entry element | ENVIRONMENTAL AND LAND CONSULTANCY-SUSTAINABILITY-SUSTAINABLE DEVELOPMENT |
| 690 ## - LOCAL SUBJECT ADDED ENTRY--TOPICAL TERM (OCLC, RLIN) | |
| Topical term or geographic name as entry element | PROPERTY |
| 700 ## - ADDED ENTRY--PERSONAL NAME | |
| Personal name | Alderson, Michael |
| 700 ## - ADDED ENTRY--PERSONAL NAME | |
| Personal name | Antwi, Adarkwah |
| 700 ## - ADDED ENTRY--PERSONAL NAME | |
| Personal name | Keogh, Geoffrey |
| 700 ## - ADDED ENTRY--PERSONAL NAME | |
| Personal name | Bennett, Jeff |
| 700 ## - ADDED ENTRY--PERSONAL NAME | |
| Personal name | Blake, R. N. E. |
| 700 ## - ADDED ENTRY--PERSONAL NAME | |
| Personal name | Brummer, D. G. |
| 700 ## - ADDED ENTRY--PERSONAL NAME | |
| Personal name | Buckley, Robin |
| 700 ## - ADDED ENTRY--PERSONAL NAME | |
| Personal name | Bullard, Richard K |
| 700 ## - ADDED ENTRY--PERSONAL NAME | |
| Personal name | Coutts, Brian J. |
| 700 ## - ADDED ENTRY--PERSONAL NAME | |
| Personal name | Deddis, William |
| 700 ## - ADDED ENTRY--PERSONAL NAME | |
| Personal name | Ebohan, O. J. |
| 700 ## - ADDED ENTRY--PERSONAL NAME | |
| Personal name | Eccles, Tim |
| 700 ## - ADDED ENTRY--PERSONAL NAME | |
| Personal name | Enemark, Stig |
| 700 ## - ADDED ENTRY--PERSONAL NAME | |
| Personal name | Esi Fiadzigbey, Matilda |
| 700 ## - ADDED ENTRY--PERSONAL NAME | |
| Personal name | Fourie, Clarissa |
| 700 ## - ADDED ENTRY--PERSONAL NAME | |
| Personal name | Hillermann, R. |
| 700 ## - ADDED ENTRY--PERSONAL NAME | |
| Personal name | Garnett, David |
| 700 ## - ADDED ENTRY--PERSONAL NAME | |
| Personal name | Gregory, Tony |
| 700 ## - ADDED ENTRY--PERSONAL NAME | |
| Personal name | Haldrup, Niels Otto |
| 700 ## - ADDED ENTRY--PERSONAL NAME | |
| Personal name | Hojgaard, P. D. |
| 700 ## - ADDED ENTRY--PERSONAL NAME | |
| Personal name | Christensen, S. F. |
| 700 ## - ADDED ENTRY--PERSONAL NAME | |
| Personal name | Hopfer, Andrzej |
| 700 ## - ADDED ENTRY--PERSONAL NAME | |
| Personal name | Jagger, David |
| 700 ## - ADDED ENTRY--PERSONAL NAME | |
| Personal name | Morgan, Peter |
| 700 ## - ADDED ENTRY--PERSONAL NAME | |
| Personal name | Keightley, Raylene |
| 700 ## - ADDED ENTRY--PERSONAL NAME | |
| Personal name | Low, Roger |
| 700 ## - ADDED ENTRY--PERSONAL NAME | |
| Personal name | McCluskey, William |
| 700 ## - ADDED ENTRY--PERSONAL NAME | |
| Personal name | McDermott, Michael |
| 700 ## - ADDED ENTRY--PERSONAL NAME | |
| Personal name | Markwell, Susan |
| 700 ## - ADDED ENTRY--PERSONAL NAME | |
| Personal name | Ravenscroft, Neil |
| 700 ## - ADDED ENTRY--PERSONAL NAME | |
| Personal name | Maritz, M. J. |
| 700 ## - ADDED ENTRY--PERSONAL NAME | |
| Personal name | Mohammed, Mohammed Adam |
| 700 ## - ADDED ENTRY--PERSONAL NAME | |
| Personal name | Preece, C. |
| 700 ## - ADDED ENTRY--PERSONAL NAME | |
| Personal name | Moodley, K. |
| 700 ## - ADDED ENTRY--PERSONAL NAME | |
| Personal name | Rahman, Rosdi Ab |
| 700 ## - ADDED ENTRY--PERSONAL NAME | |
| Personal name | Rivett-Carnac, E. S. |
| 700 ## - ADDED ENTRY--PERSONAL NAME | |
| Personal name | Rwelamila, P. D. |
| 700 ## - ADDED ENTRY--PERSONAL NAME | |
| Personal name | Saravia Madrigal, Manuel |
| 700 ## - ADDED ENTRY--PERSONAL NAME | |
| Personal name | Juma, Shaibu Yussuf |
| 700 ## - ADDED ENTRY--PERSONAL NAME | |
| Personal name | Smith, Adrian |
| 700 ## - ADDED ENTRY--PERSONAL NAME | |
| Personal name | Spedding, Alan |
| 700 ## - ADDED ENTRY--PERSONAL NAME | |
| Personal name | Stevens, A. J. |
| 700 ## - ADDED ENTRY--PERSONAL NAME | |
| Personal name | Torhonen, Mika |
| 700 ## - ADDED ENTRY--PERSONAL NAME | |
| Personal name | Waters, H. R. |
| 700 ## - ADDED ENTRY--PERSONAL NAME | |
| Personal name | White, Martin J. |
| 710 ## - ADDED ENTRY--CORPORATE NAME | |
| Corporate name or jurisdiction name as entry element | Federation International Des Geometres |
| 942 ## - ADDED ENTRY ELEMENTS (KOHA) | |
| Suppress in OPAC | 0 |
| 948 ## - LOCAL PROCESSING INFORMATION (OCLC); SERIES PART DESIGNATOR (RLIN) | |
| c (OCLC) | 04/03/1997 |
| Withdrawn status | Lost status | Source of classification or shelving scheme | Damaged status | Not for loan | Home library | Current library | Shelving location | Date acquired | Total Checkouts | Full call number | Barcode | Date last seen | Copy number | Price effective from | Koha item type |
|---|---|---|---|---|---|---|---|---|---|---|---|---|---|---|---|
| Dewey Decimal Classification | London | London | Basement | 29/11/1995 | BASEMENT | 30046885 | 06/08/2019 | 1 | 06/08/2019 | Book |